| 000 | 00823nam a22002655i 4500 | ||
|---|---|---|---|
| 001 | 10745 | ||
| 003 | ES-MaACL | ||
| 005 | 20250727025837.0 | ||
| 008 | 940322s1993 sp ||||0| spa | ||
| 020 | _a84-7658-415-6 | ||
| 080 | _a159.922.4 | ||
| 100 | 1 |
_aEsteva Fabregat, Claudio. _948122 |
|
| 245 | 1 | 0 |
_aCultura, sociedad y personalidad / _cClaudio Esteva Fabregat. |
| 250 | _a2ª ed. corr. y aum. | ||
| 260 |
_aBarcelona : _bAnthropos, _c1993. |
||
| 300 |
_a463 p ; _c20 cm. |
||
| 490 | 1 |
_aAutores, textos y temas. Antropología ; _v1 |
|
| 500 | _aIndice. | ||
| 504 | _aBibliografía: p. 427-443. | ||
| 650 | 4 |
_aEtnopsicología. _912602 |
|
| 650 |
_aPersonalidad y cultura. _9173671 |
||
| 830 | 1 |
_aAutores, textos y temas. Antropología _v1 _9177281 |
|
| 852 |
_aES-MaACL _jL-18093 |
||
| 999 |
_c10745 _d10745 |
||